| 000 | 00843nam a22002417a 4500 | ||
|---|---|---|---|
| 003 | UA-OsUOA | ||
| 001 | 105069 | ||
| 007 | ta | ||
| 008 | 20140210b un ||||| |||| 00| 0 ukr d | ||
| 100 | _aМузика-Стефанчук О. А. | ||
| 090 |
_a352/354:336 _bМ89 |
||
| 942 | _cBK | ||
| 040 |
_aUA-OsUOA _bukr _cUA-OsUOA _dUA-OsUOA |
||
| 245 |
_aФінансово-правова основа місцевого самоврядування в зарубіжних країнах _bнавчальний посібник |
||
| 300 | _a224 с. | ||
| 955 | _a2 | ||
| 041 | _aukr | ||
| 080 | _a352/354:336 | ||
| 020 | _a978-966-2183-35-1 | ||
| 260 |
_aК. _bПравова єдність _c2009 |
||
| 650 | 7 |
_a35 Державно-адміністративне управління. Військова справа _2UDC |
|
| 999 |
_c390835 _d390835 |
||